Online
Catalog

Programa línea general del movimiento popular dominicano (MPD). (Record no. 43137)

MARC details
000 -CABECERA
campo de control de longitud fija 00459nam a2200133 a 4500
001 - NÚMERO DE CONTROL
campo de control 000043648
005 - FECHA Y HORA DE LA ÚLTIMA TRANSACCIÓN
campo de control 20201002044910.0
008 - DATOS DE LONGITUD FIJA--INFORMACIÓN GENERAL
campo de control de longitud fija 140401s2004 dr 000 0 spa d
040 ## - FUENTE DE LA CATALOGACIÓN
Centro catalogador/agencia de origen DO-SdBNP
Lengua de catalogación spa
Centro/agencia transcriptor BNPHU
245 00 - MENCIÓN DE TÍTULO
Título Programa línea general del movimiento popular dominicano (MPD).
246 14 - FORMA VARIANTE DE TÍTULO
Título propio/Titulo breve Línea general y base programática del movimiento popular dominicano
260 ## - PUBLICACIÓN, DISTRIBUCIÓN, ETC.
Lugar de publicación, distribución, etc. [Santo Domingo] :
Nombre del editor, distribuidor, etc. MPD],
Fecha de publicación, distribución, etc. 190?].
300 ## - DESCRIPCIÓN FÍSICA
Extensión 52 p. :
Otras características físicas il., retrs. ;
Dimensiones 21 cm.
Holdings
Estado de retiro Estado de pérdida No para préstamo Código de colección Localización permanente Ubicación/localización actual Ubicación en estantería Fecha de adquisición Número de inventario Total de préstamos Signatura topográfica completa Código de barras Fecha visto por última vez Precio válido a partir de Tipo de ítem Koha
    Excluido de préstamo Patrimonio Dominicano Patrimonio Dominicano Patrimonio Dominicano En catalogación 01.04.2014 LF1   43648-10 25.06.2020 25.06.2020 Libro y Folleto Colección Patrimonio Dominicano

Powered by Koha